Statistics for Biggest "Ville" Cities - United States

Click here to take the quiz!

General Stats

  • This quiz has been taken 388 times
  • The average score is 4 of 10

Answer Stats

PopulationCity% Correct
620,118Louisville
82%
903,889Jacksonville
80%
669,053Nashville
69%
187,500Knoxville
44%
209,468Fayetteville
31%
197,939Huntsville
30%
156,794Clarksville
21%
183,392Brownsville
19%
148,304Naperville
15%
139,117Roseville
7%

Score Distribution

Percentile by Number Answered

Percent of People with Each Score

Your Score History

You have not taken this quiz